000
00292nam a2200121Ia 4500
008
191201s2015 xx 000 0 und d
100
_a
KUCHHAL, M C
245
0
_a
Business Legislation for Management
260
_a
N. delhi
_b
Vikas
_c
2015
300
_a
656
650
_a
BBA
942
_2
ddc
_c
BK
_0
1
999
_c
6060
_d
6060